| 000 | 00491cam a2200205ua 4500 | ||
|---|---|---|---|
| 001 | 7452 | ||
| 008 | 141210n ii |||gr||||Z||||||ben | ||
| 020 | _a8185547548 | ||
| 040 | _cMAIN | ||
| 041 | _aben | ||
| 082 | _a891.443 | ||
| 100 |
_aSarkar, S., _eAuthor. |
||
| 245 | 1 |
_aDeshta America _cby Subodh Sarkar |
|
| 250 | _a1st. | ||
| 260 |
_aCalcutta: _bBhastak, _c1994. |
||
| 300 | _a115p. | ||
| 653 | _aEast Indo-European & Celtic literatures | ||
| 653 | _aBengali novels | ||
| 942 | _cBK | ||
| 999 |
_c6575 _d6575 |
||